DBA's guide to datbases on LINUX including ORACLE and MySQL (Record no. 39444)

MARC details
000 -LEADER
fixed length control field 00544nam a2200145 a 4500
008 - FIXED-LENGTH DATA ELEMENTS--GENERAL INFORMATION
fixed length control field 120416s2000 ||||||||||||||||| || u
020 ## - INTERNATIONAL STANDARD BOOK NUMBER
International Standard Book Number 1928994040
050 ## - LIBRARY OF CONGRESS CALL NUMBER
Classification number QA 76.73.L5 Ega
100 ## - MAIN ENTRY--PERSONAL NAME
Personal name Egan, David
245 10 - TITLE STATEMENT
Title DBA's guide to datbases on LINUX including ORACLE and MySQL
260 ## - PUBLICATION, DISTRIBUTION, ETC.
Place of publication, distribution, etc. Rocland, MA
Name of publisher, distributor, etc. Sngress Media
Date of publication, distribution, etc. 2000
300 ## - PHYSICAL DESCRIPTION
Extent xxxiii, 483p. : ill.
350 ## - PRICE (NR) (BK AM CF MU VM SE) [OBSOLETE]
Price 0.00
995 ## - RECOMMENDATION 995 [LOCAL, UNIMARC FRANCE]
-- 0.00
-- CBU-MAIN LIBRARY (Kitwe)
-- 1
-- 59.95
-- 1
-- AVAILABLE
-- Main Library Open Access Collection
Holdings
Withdrawn status Lost status Source of classification or shelving scheme Damaged status Not for loan Home library Current library Shelving location Date acquired Total Checkouts Full call number Barcode Date last seen Price effective from Koha item type
          CBU-MAIN LIBRARY, KITWE. CBU-MAIN LIBRARY, KITWE.   11/30/2022   QA 76.73.L5 Ega 38993 11/30/2022 11/30/2022 MONOGRAPH